มุมมองปกติ
มุมมองแบบ MARC
- ไทย
รายการ Geographic Name
001 - CONTROL NUMBER
- control field: 65920
003 - CONTROL NUMBER IDENTIFIER
- control field: NALT
005 - DATE AND TIME OF LATEST TRANSACTION
- control field: 20250523155532.0
008 - FIXED-LENGTH DATA ELEMENTS
- fixed length control field: 250523|| aca||aabn | a|a d
040 ## - CATALOGING SOURCE
- Original cataloging agency: NALT
151 #4 - HEADING--GEOGRAPHIC NAME
- Geographic name: ไทย
- General subdivision: ภาวะเศรษฐกิจ
- Chronological subdivision: 2569
